[Event "ROM-ch U12 Girls"]
[Site "Calimanesti"]
[Date "2015.04.03"]
[Round "6"]
[White "Dinu, Anca Maria"]
[Black "Bratulescu, Daria Ana Maria"]
[Result "1-0"]
[WhiteElo "1080"]
[BlackElo "1031"]
[PlyCount "113"]
[EventDate "2015.03.30"]
[EventType "swiss"]
[EventRounds "9"]
[EventCountry "ROU"]
[SourceTitle "CBM 165 Extra"]
[Source "ChessBase"]
[SourceDate "2015.04.21"]
[SourceVersion "1"]
[SourceVersionDate "2015.04.21"]
[SourceQuality "1"]

1. c4 e5 2. Nc3 Nc6 3. g3 Nf6 4. Bg2 Bc5 5. e3 0-0 6. Nge2 d6 7. b3 Bf5 8. 0-0 Re8 9. d4 Bb6 10. b4 Nxb4 11. Bxb7 Rb8 12. Bg2 d5 13. dxe5 Rxe5 14. f4 Re8 15. cxd5 Bxe3+ 16. Bxe3 Rxe3 17. Re1 Nc2 18. Qd2 Nxe1 19. Rxe1 Re8 20. Qd4 c5 21. Qxc5 Qb6 22. Qxb6 Rxb6 23. Rd1 Ne4 24. Nxe4 Bxe4 25. Bxe4 Rxe4 26. Nc3 Re8 27. d6 Rd8 28. Ne4 Rb7 29. Nc5 Rb2 30. d7 Rxa2 31. Nb7 Rf8 32. d8Q Re2 33. Qa5 h6 34. Rd8 Ree8 35. Rxe8 Rxe8 36. Qxa7 f6 37. Nd6 Rd8 38. Qa2+ Kh7 39. Qc2+ g6 40. Nf7 Rd7 41. f5 Rxf7 42. fxg6+ Kg7 43. gxf7 Kxf7 44. h4 Kg7 45. h5 Kf7 46. Qg6+ Ke6 47. Qxh6 Ke5 48. g4 Ke6 49. g5 Kf5 50. gxf6 Ke5 51. f7 Kd5 52. f8Q Ke4 53. Qe6+ Kd4 54. Qd8+ Kc3 55. Qc6+ Kb3 56. Qb8+ Ka3 57. Qa6# 1-0